Алгоритмы идентификации и управления для линейных динамических систем в условиях непараметрической неопределенности: диссертация на соискание ученой степени кандидата технических наук; Спец. 05.13.01

Detalhes bibliográficos
Autor principal: Иванилов А. А. Андрей Александрович
Autor Corporativo: Академия наук СССР (АН СССР) Сибирское отделение (СО) Вычислительный центр
Outros Autores: Медведев А. В. (научный руководитель)
Resumo:На правах рукописи
Idioma:russo
Publicado em: Красноярск, 1986
Assuntos:
Formato: Livro
KOHA link:https://koha.lib.tpu.ru/cgi-bin/koha/opac-detail.pl?biblionumber=59327

MARC

LEADER 00000nbm0a2200000 4500
001 59327
005 20231031060217.0
035 |a (RuTPU)RU\TPU\book\62717 
090 |a 59327 
100 |a 20031225j1986 k y0rusy50 ca 
101 0 |a rus 
102 |a RU 
105 |a a m 001zy 
200 1 |a Алгоритмы идентификации и управления для линейных динамических систем в условиях непараметрической неопределенности  |e диссертация на соискание ученой степени кандидата технических наук  |e Спец. 05.13.01  |f А. А. Иванилов  |g АН СО Вычислительный центр; А. В. Медведев 
210 |d 1986  |a Красноярск 
215 |a 191 л.  |c ил. 
300 |a На правах рукописи 
320 |a Библиогр.: с. 174-186 (124 назв.) 
610 1 |a технические системы 
610 1 |a управление 
610 1 |a алгоритмы 
610 1 |a непараметрические методы 
610 1 |a линейные системы 
610 1 |a диссертации 
675 |a 681.51.033.015(048)  |v 3 
686 |a 05.13.01  |2 oksvnk 
700 1 |a Иванилов  |b А. А.  |g Андрей Александрович 
702 1 |a Медведев  |b А. В.  |4 727 
712 0 2 |a Академия наук СССР (АН СССР)  |b Сибирское отделение (СО)  |b Вычислительный центр  |c (Новосибирск)  |2 stltpush  |3 (RuTPU)RU\TPU\col\11456 
801 1 |a RU  |b 63413507  |c 20031225  |g PSBO 
801 2 |a RU  |b 63413507  |c 20220124  |g PSBO 
942 |c BK